Quizzes
Events
Quiz Creation
Community
Videos
Private Events
Remove Ads
Sign In
Join for FREE
Feedback
Dark Mode
Quiz Categories
Sports
Geography
Music
Movies
Television
Just For Fun
Miscellaneous
History
Literature
Language
Science
Gaming
Entertainment
Religion
Holiday
For Kids
Quiz Lab
Recent
Popular Today
Quiz Kudos Today
Editor Picks
Curator Picks
Quizzes by...
Day
Popularity
Type
Ratings
Length
Year
Community
Subscriptions
Recent Discussions
Orange Saloon
Badges
Playlists
Quests
Create
Leaderboards
Showdown
Live 5
Trivia Bingo
Activity
Puzzle Library
Sporcle Events
Private Events
Virtual Trivia
Globe League
Become a Host
Pub Owners
SporcleCon
Opinionation
Our Games
Videos
Blog
Mobile Apps
Partnerships
Remove Ads and Go Orange
Feedback
Sports
Athletes
MLB
NBA
NHL
NFL
Soccer
Sports Teams
WWE
NCAA
Football
Premier League
Basketball
Baseball
Hockey
Golf
Tennis
Cricket
Rugby
Auto Racing
Olympics
World Cup
Sports
Athletes
MLB
NBA
NHL
NFL
Soccer
Sports Teams
WWE
NCAA
Football
Premier League
Basketball
Baseball
Hockey
Golf
Tennis
Cricket
Rugby
Auto Racing
Olympics
World Cup
Random Quiz
Search Sporcle
×
Quiz Lab
Quiz Lab
Sports
Football
Type in answers that appear in a list
Type in answers that appear in a list
Classic
Best Score? Go Orange.
50+ Appearances: Tottenham Hotspur Stats
Can you name the players with at least 50 Premier League appearances for Tottenham Hotspur FC?
By
guide
6m
72 Questions
6,053 Plays
6,053 Plays
6,053 Plays
Comments
Comments
Give Quiz Kudos
Give Quiz Kudos
-
- Ratings
hide this ad
More Info
Replay
Link that replays current quiz
Next Quiz
Link to next quiz in quiz playlist
You Got
0%
They Got
Avg Score
42%
Avg Friend Score
Upgrade to see
Score Distribution
Jump to the score distribution portion of the page
Score
0/72
Timer
06:00
0
Plays Today
Appearances
Player
% Correct
268
Ledley King
88.7%
233
Jermain Defoe
88.6%
238
Robbie Keane
86.1%
118
Gareth Bale
82.6%
240
Ian Walker
79.7%
236
Teddy Sheringham
79.1%
177
Michael Dawson
76.9%
201
Aaron Lennon
76.6%
127
Luka Modric
73.1%
226
Stephen Carr
69.9%
299
Darren Anderton
69.7%
137
Paul Robinson
67.3%
255
Sol Campbell
66.7%
70
Dimitar Berbatov
65.2%
73
Peter Crouch
64.1%
95
Heurelho Gomes
62.8%
155
Jermaine Jenas
62.1%
118
Les Ferdinand
60.6%
56
Jurgen Klinsmann
59.2%
143
Benoit Assou-Ekotto
59.1%
127
Tom Huddlestone
57.7%
100
David Ginola
57.6%
60
Darren Bent
51.8%
63
Rafael van der Vaart
51.7%
143
Steffen Iversen
50.7%
141
Chris Armstrong
49.9%
64
Michael Carrick
47.7%
138
Gary Mabbutt
46.7%
93
Tim Sherwood
44.4%
85
Kasey Keller
43.4%
86
Younes Kaboul
43.4%
121
Simon Davies
42.5%
81
Vedran Corluka
41.8%
78
Roman Pavlyuchenko
41.5%
106
Ruel Fox
40.8%
64
Neil Sullivan
40.5%
Appearances
Player
% Correct
174
Justin Edinburgh
39.6%
82
Gustavo Poyet
38.1%
102
Steffen Freund
36.2%
59
Serhiy Rebrov
35.7%
60
Frederic Kanoute
35.6%
87
Nick Barmby
34%
51
Alan Hutton
32.6%
70
Young Pyo Lee
31.2%
120
Chris Perry
31.1%
73
Dean Richards
30.3%
143
David Howells
29.9%
88
Didier Zokora
29.5%
97
Allan Nielsen
29.3%
68
Pascal Chimbonda
27.9%
163
Colin Calderwood
27.5%
114
Anthony Gardner
27.1%
130
Mauricio Taricco
26.5%
83
Andy Sinton
26.4%
65
Wilson Palacios
25.4%
124
Dean Austin
25.2%
62
Steed Malbranque
25%
61
Teemu Tainio
23.2%
64
Ramon Vega
22.9%
84
Jason Dozzell
21.7%
50
Michael Brown
21.3%
64
Gary Doherty
20.8%
60
Erik Thorstvedt
19.8%
54
Oyvind Leonhardsen
19.2%
70
Clive Wilson
17.8%
58
Luke Young
16.9%
90
Stephen Clemence
16%
64
Steve Sedgley
15.7%
73
Vinnie Samways
15.2%
54
Stuart Nethercott
13.3%
88
Ronny Rosenthal
11.9%
51
Goran Bunjevcevic
9.4%
Quiz Playlist
Details
Report
Send in Message
Add To Playlist
More Info:
Last updated September 27, 2012
Classic:
Type in answers that appear in a list
Quiz Source
Last Updated: Jul 14, 2017
Quiz Scoreboard
CHALLENGE
Sign Up to Join the Scoreboard
Show All
Scores
Hide
Comments
May contain spoilers
Recently Published
An Introduction to Baseball
by treessimontrees
Sports
5m
Movies - When Are They Set?
by FPL_Elf
Movies
5m
Popular People in 1961
by mucciniale
History
6m
More to Explore
Quiz From the Vault
Featured Blog Post
Where Did the Easter Bunny Come From?
hide this ad
You Might Also Like...
Tags
Football Quiz
Premier League Quiz
Soccer Quiz
London
Tottenham Hotspur
Today's Top Quizzes in Sports
Browse Sports
hide this ad
Today's Top Quizzes in Football
Browse Football
Top Contributed Quizzes in Sports
1
Les meilleurs buteurs des matchs entre le PSG et l’OM
2
2022 World Cup Stars
3
FIFA Club World Cup Champions
4
Les entraîneurs de l'OM et du PSG au 21e siècle
5
Name the Premier League winners with different clubs
6
La finale Lions - Afrique du Sud 2021
7
Les joueurs passés par le LOSC et le RC Lens
8
Criteria MLB: Left Handed Sluggers
9
Players with Multiple 50 Home Run Seasons
10
5-to-1: UK Sports Teams
Explore More
Trending Topics
Disney
NBA
Crossword
Anime
Harry Potter
Marvel
Kpop
Country
NFL
Soccer
The Office
Pokémon
WWE
Puzzle
Song
hide this ad
More By:
guide
Quiz
Plays
Rating
Category
Featured
Created
Top 100 UEFA Clubs
426,919
3.41
Sports
Apr 3, 2011
Premier League 50+ Appearances: Manchester United
203,745
4.40
Sports
May 6, 2011
Big 4 Safe Cracker: Last Five Champions
175,406
3.80
Sports
Apr 8, 2011
4-Letter Safe Cracker
174,010
3.26
Just For Fun
Apr 11, 2011
European Cup Winners
147,395
4.20
Sports
Mar 29, 2012
Go to Creator's Profile
Score Distribution
Quiz Creator Spotlight
guide
Follow
Send a Message
Quizzes Created
-
Created Quiz Play Count
-
More By This Creator
Popular Quizzes Today
1
Find the Countries of Europe - No Outlines Minefield
2
Find the US States - No Outlines Minefield
3
The Countries of the World
4
Popular People in 1961
5
US States
6
Find the US States
7
1-10 Letter E Words III
8
Risky Map Clicking: Biggest States A-Z
More Sports Quizzes
It's Been a Slice: NBA All-Stars
Quiz Lab
Trending Quizzes
Risky Map Clicking: Least Populous States A-Z
1-10 Letter F Words
1-10 Letter G Words
One Thing in Common: United Kingdom
Not Quite an Element Typing Challenge
Recently Updated
Leaping Animals
pecheneg
Reality TV Shows (A-Z)
bhenderson79
Rickey Henderson's Hall of Fame Teammates
pecheneg
Champions League XIs: Arsenal
pecheneg
Quick Pick: Celebrities in WWE's Hall of Fame
aduchscher
A-Z Keypad Blitz II
pecheneg
Multiple Oscar Actors
pecheneg
Mystery Phrase Blitz: Oscar 'Best Actors'
pecheneg
F. Scott Fitzgerald Novels
LTH
Pick 3 Villains
ddd62291
Trending Topics
Crossword
Kpop
Disney
Marvel
Harry Potter
Anime
NBA
Country
The Office
Soccer
WWE
Puzzle
NFL
Pokémon
Song
Your Account Isn't Verified!
In order to create a playlist on Sporcle, you need to verify the email address you used during registration. Go to your
Sporcle Settings
to finish the process.
Report this User
Report this user for behavior that violates our
Community Guidelines
.
Details:
Send Report
Go to the Sporcle.com Mobile Site →
Comments